00715nam a2200241 a 4500001001300000003000900013005001700022008004100039020001000080082001300090100002300103245006600126260003100192300000900223500003500232505001000267650002700277700002300304902000800327942000700335952011400342999001700456nice12345678IN_TiNIC20260116014015.0050524s2003 lona grp 000 0 eng  ac99500a291bWHE aWheatcroft, Andrew aInfidels, the Conflict Between Christendom and Islam 638-2002 aLondonbPenguin Bookc2003 a443p aincludes index and biblioraphy2 aIndex aChristianity and Islam1 aWheatcroft, Andrew bSRS cBK 001040708StackRoom-aHMIbHMId2009-12-09g995.00l0o291 WHEp020809r2009-12-09v995.00w2005-05-24yBK c13473d13473